000 00335nam a2200133Ia 4500
008 240624s9999 xx 000 0 und d
041 _aeng
082 _a658.4 GAR
100 _aGARRATT BOB
245 _aFISH ROTS FROM THE HEAD
260 _c1996
_aNew Delhi
_bProfile Books
300 _axiv, : 225 : p. : cm. ; 20
365 _cRS
_b33
999 _c11626
_d11626